Spor o vlastnictví.
Úvaha o tom, ako odštátniť vlastníctvo výrobných prostriedkov bez toho, aby sa obnovila základňa ekonomickej nerovnosti. Zdôvodnenie názoru na možnosť odštátnenia bez likvidácie národného, spoločenského vlastníctva cestou vytvorenia Fondu národného majetku, ktorý bude koexistovať so súkromným a ďalš...
Uložené v:
| Hlavný autor: | |
|---|---|
| Médium: | Kapitola |
| Jazyk: | Czech |
| Predmet: | |
| Tagy: |
Žiadne tagy, Buďte prvý, kto otaguje tento záznam!
|
MARC
| LEADER | 00000naa a2200000 4500 | ||
|---|---|---|---|
| 001 | r001067 | ||
| 005 | 20220819181133.0 | ||
| 041 | 0 | |a cze | |
| 044 | |a [CS] | ||
| 245 | 1 | 0 | |a Spor o vlastnictví. |c Zdeněk Hába |
| 520 | |a Úvaha o tom, ako odštátniť vlastníctvo výrobných prostriedkov bez toho, aby sa obnovila základňa ekonomickej nerovnosti. Zdôvodnenie názoru na možnosť odštátnenia bez likvidácie národného, spoločenského vlastníctva cestou vytvorenia Fondu národného majetku, ktorý bude koexistovať so súkromným a ďalšími sektormi. | ||
| 610 | 2 | 0 | |a vlastníctvo prostriedkov výrobných |
| 610 | 2 | 0 | |a vlastníctvo súkromné |
| 610 | 2 | 0 | |a privatizácia |
| 610 | 2 | 0 | |a vlastníctvo spoločenské |
| 610 | 2 | 0 | |a ČSFR |
| 610 | 2 | 0 | |a deetatizácia |
| 100 | 1 | |a Hába, Zdeněk | |